000 00504nam a2200169Ia 4500
008 090201s9999 xx 000 0 und d
010 _aKPL-62577
040 _bमराठी
041 _aमराठी
082 _a20706
_b62577
100 _aअनंत तिबिले
245 _aमाग
_cअनंत तिबिले
260 _c2004
_bयुनिटी प्रकाशन प्रा. लि.
300 _a200
_bमोठा
600 _aमाग
942 _cBOOK
999 _c220469
_d220469